000
00313nam a22001217a 4500
020
_a
9788183874434
082
_a
631.587
_b
PAW/IM
100
_a
Pawar, AN
_a
Bhaise, V B
_9
193
245
_a
Impact of Irrigation on Indian Economy
260
_a
New Delhi
_b
Serials Publications
_c
2011
300
_a
210
942
_c
BK
999
_c
14159
_d
14159